000 00861nam a2200301 a 4500
001 77138
003 BD-RjUL
005 20211209082930.0
008 200226s1954 nyu 000 0 eng
035 _aMITb10908232
035 _a(BD-RjUL)77362
040 _aDLC
_cDLC
_dGGN
_dMYG
_dBD-RjUL
_beng
041 _aeng
043 _an-us---
049 _aMYGG
082 0 0 _223
_a814.4082
_bMIA 1954
100 1 _aMiller, Perry.
_d1905-1963.
_9239898
245 1 0 _aAmerican thought: Civil War to World War I /
_cPerry Miller.
260 _aNew York :
_bRinehart,
_c1954.
300 _a345 p.;
_c19 cm.
490 1 _aRinehart editions ;
_v70
650 0 _aAmerican essays.
_9239899
651 0 _aUnited States
_xCivilization.
_9239900
830 0 _aRinehart editions ;
_v70.
_9239905
942 _2ddc
_cBK
999 _c77138
_d77138